00373nam a2200121Ia 4500008004100000245006200041260002800103260000900131300001200140650001800152650001500170856006600185170221s9999 xx 000 0 und d 4aThe Nanking Atrocity: Still and Moving Images 1937–1946 bMedia and Communication c2013 a33 : 10 xCommunication xMedia Arts uhttp://www.librelloph.com/mediaandcommunication/issue/current